| 000 -NÁVESTIE |
| fixed length control field |
01627nam a2200445 4500 |
| 001 - EVIDENČNÉ ČÍSLO ZÁZNAMU - Kontrolné číslo |
| control field |
vtls012287445 |
| 005 - DÁTUM A ČAS POSLEDNEJ TRANSAKCIE |
| control field |
20260218101322.0 |
| 008 - ÚDAJE S PEVNOU DĹŽKOU – VŠEOBECNÉ INFORMÁCIE |
| fixed length control field |
251117s2025 xo oda g f 000 0 slo |
| 020 ## - MEDZINÁRODNÉ ŠTANDARDNÉ ČÍSLO KNIHY (ISBN) |
| Medzinárodné štandardné číslo knihy (ISBN) |
9788022217330 |
| Qualifying information |
(brožované) |
| 040 ## - ZDROJ KATALOGIZÁCIE |
| Pôvodná katalogizujúca agentúra |
SNK |
| Jazyk katalogizácie |
slo |
| Prepisujúca agentúra |
SNK |
| Konvencie popisu |
rda |
| 041 0# - KÓD JAZYKA |
| Kód jazyka textu/zvukovej stopy alebo samostatných nápisov |
slo |
| 044 ## - KÓD KRAJINY VYDAVATEĽA/PRODUCENTA |
| Kód krajiny MARC |
xo |
| Kód krajiny ISO |
SK |
| 072 #7 - KÓD PREDMETOVEJ KATEGÓRIE |
| Kód predmetovej kategórie |
336.7 |
| Pododdiel kódu predmetovej kategórie |
Financie |
| Zdroj |
konspekt |
| 080 ## - ČÍSLO MEDZINÁRODNÉHO DESATINNÉHO TRIEDENIA (MDT) |
| Číslo Medzinárodného desatinného triedenia (MDT) |
336 |
| Identifikátor vydania |
2011 |
| 080 ## - ČÍSLO MEDZINÁRODNÉHO DESATINNÉHO TRIEDENIA (MDT) |
| Číslo Medzinárodného desatinného triedenia (MDT) |
(035) |
| Identifikátor vydania |
2011 |
| 080 ## - ČÍSLO MEDZINÁRODNÉHO DESATINNÉHO TRIEDENIA (MDT) |
| Číslo Medzinárodného desatinného triedenia (MDT) |
17.024.4:336.7 |
| Identifikátor vydania |
2011 |
| 100 1# - OSOBNÉ MENÁ – VŠEOBECNÉ INFORMÁCIE |
| Osobné meno |
Hrbatý, Juraj |
| Kód roly |
aut |
| -- |
5420 |
| 245 10 - NÁZOV |
| Názov |
Koľko stojí vaše šťastie? |
| Zvyšok názvu |
10 krokov, ako si z výplaty vybudovať bohatstvo a získať slobodu |
| Údaj o zodpovednosti atď. |
Juraj Hrbatý, Ján Tonka, Šimon Pekar |
| 246 30 - INÁ FORMA NÁZVU |
| Hlavný názov/skrátený názov |
10 krokov, ako si z výplaty vybudovať bohatstvo a získať slobodu |
| 246 3# - INÁ FORMA NÁZVU |
| Hlavný názov/skrátený názov |
Desať krokov, ako si z výplaty vybudovať bohatstvo a získať slobodu |
| 250 ## - ÚDAJ O PORADÍ VYDANIA |
| Údaj o poradí vydania |
Vydanie I. |
| 264 #1 - VYDAVATEĽSKÉ ÚDAJE, DISTRIBÚCIA ATĎ. - RDA |
| Miesto publikovania, distribúcie atď. |
Bratislava |
| Názov vydavateľa, distibútora atď. |
Tatran |
| Dátum publikovania, distribúcie atď. |
2025 |
| 300 ## - FYZICKÝ POPIS |
| Rozsah |
237 strán |
| Ďalšie fyzické detaily |
fotografie, grafy, tabuľky |
| Rozmery |
23 cm |
| 336 ## - TYP OBSAHU |
| Typ obsahu - termín |
text |
| Typ obsahu - kód |
txt |
| Zdroj |
rdacontent |
| 337 ## - TYP MÉDIA |
| Typ média - termín |
bez média |
| Typ média - kód |
n |
| Zdroj |
rdamedia |
| 338 ## - TYP NOSIČA |
| Typ nosiča - termín |
zväzok |
| Typ nosiča - kód |
nc |
| Zdroj |
rdacarrier |
| 490 1# - EDÍCIA |
| Edícia |
Slovenská tvorba |
| Zväzok/sekvenčné označenie |
160. zväzok |
| 500 ## - VŠEOBECNÁ POZNÁMKA |
| Formátovaná poznámka o obsahu |
Obsahuje profesijné údaje o autoroch |
| 500 ## - VŠEOBECNÁ POZNÁMKA |
| Formátovaná poznámka o obsahu |
Obsahuje zdroje citátov |
| 650 07 - PRIDANÝ VSTUP – PREDMET – TEMATICKÉ HESLO |
| Tematické heslo alebo geografický názov ako vstupný prvok |
financie |
| Zdroj hesla alebo termínu |
SNKPH |
| -- |
5421 |
| 650 07 - PRIDANÝ VSTUP – PREDMET – TEMATICKÉ HESLO |
| Tematické heslo alebo geografický názov ako vstupný prvok |
finančný úspech |
| Zdroj hesla alebo termínu |
SNKPH |
| -- |
5422 |
| 650 07 - PRIDANÝ VSTUP – PREDMET – TEMATICKÉ HESLO |
| Tematické heslo alebo geografický názov ako vstupný prvok |
Finance |
| Zdroj hesla alebo termínu |
SNKPHeng |
| -- |
5423 |
| 650 07 - PRIDANÝ VSTUP – PREDMET – TEMATICKÉ HESLO |
| Tematické heslo alebo geografický názov ako vstupný prvok |
Financial success |
| Zdroj hesla alebo termínu |
SNKPHeng |
| -- |
5424 |
| 655 #7 - INDEXAČNÝ TERMÍN – ŽÁNER/FORMA |
| Údaje o žánri/forme alebo termín, ktorý je prvok fazety |
príručky |
| Zdroj termínu |
SNKPH |
| -- |
1541 |
| 655 #7 - INDEXAČNÝ TERMÍN – ŽÁNER/FORMA |
| Údaje o žánri/forme alebo termín, ktorý je prvok fazety |
Handbooks, manuals, etc. |
| Zdroj termínu |
SNKPHeng |
| -- |
1630 |
| 700 1# - PRIDANÝ VSTUP – OSOBNÉ MENO |
| Osobné meno |
Tonka, Ján |
| Kód roly |
aut |
| -- |
5425 |
| 700 1# - PRIDANÝ VSTUP – OSOBNÉ MENO |
| Osobné meno |
Pekar, Šimon |
| Kód roly |
aut |
| -- |
5426 |
| 700 1# - PRIDANÝ VSTUP – OSOBNÉ MENO |
| Osobné meno |
Zentko, Peter |
| Kód roly |
bjd |
| -- |
5357 |